000 00906nam a2200265Ia 4500
001 Para_2591
003 CHAP
008 220125s1917 xx 000 0 und d
010 _a201143
040 _cCHAP
082 _aPA-C 595.752 B44
100 _aBaker, Arthur Challen
_99527
245 _aA further contribution to the study of eriosoma pyricola, the woolly pear aphis /
_c A. C. Baker and W. M. Davidson
260 _a:
_b
500 _aSobretiro de: Journal of Agricultural Research 10 (2): 65-74,1917. Encuadernado con: Rosy apple aphis / by A. C. Baker 70-32
650 _aAfididos
_x Colecciones de escritos Eriosoma pyricola Pera
_x plagas
_9166007
700 _aDavidson, W. M.
_931193
901 _aPA-C 595.752 B44
902 _aA
905 _a0000001917 0000000000 00
910 _a1917
942 _cPARA
942 _cPARA
_d1
999 _c201143
_d201143